000 00313nam a22001337a 4500
008 171017b xxu||||| |||| 00| 0 eng d
020 _a2900132222128
041 _aeng
080 _a331.101.262
100 _a52
101 _aBNJ
245 _aHUMAN RESOURCE MANAGEMENT AND SUPERVISION
_cNAEF
942 _2udc
_cBK
999 _c34338
_d34338